Causation in Europen tort law (Record no. 78093)

MARC details
000 -LEADER
fixed length control field 00915nam a2200229 a 4500
008 - FIXED-LENGTH DATA ELEMENTS--GENERAL INFORMATION
fixed length control field 200820s2017 ||||||||||||||||| || u
020 ## - INTERNATIONAL STANDARD BOOK NUMBER
International Standard Book Number 9781108418362
050 ## - LIBRARY OF CONGRESS CALL NUMBER
Classification number KD 180 Cau
100 ## - MAIN ENTRY--PERSONAL NAME
Personal name Infantino, Marta
245 10 - TITLE STATEMENT
Title Causation in Europen tort law
Statement of responsibility, etc. Edited by Marta Infantino; Eleni Zervogianni
260 ## - PUBLICATION, DISTRIBUTION, ETC.
Place of publication, distribution, etc. Cambridge
Date of publication, distribution, etc. 2017
300 ## - PHYSICAL DESCRIPTION
Extent lv, 726 pages
490 ## -
-- The common core of European private law
650 ## - SUBJECT ADDED ENTRY--TOPICAL TERM
Topical term or geographic name entry element LIABILITY (LAW)
650 #7 - SUBJECT ADDED ENTRY--TOPICAL TERM
Topical term or geographic name entry element EUROPE
Source of heading or term fast
650 ## - SUBJECT ADDED ENTRY--TOPICAL TERM
Topical term or geographic name entry element TORTS
650 #0 - SUBJECT ADDED ENTRY--TOPICAL TERM
Topical term or geographic name entry element CAUSATION
650 ## - SUBJECT ADDED ENTRY--TOPICAL TERM
Topical term or geographic name entry element DAMAGES
700 ## - ADDED ENTRY--PERSONAL NAME
Personal name Zervogianni, Eleni
995 ## -
-- MAIN LIBRARY OPEN ACCESS
-- 750210
-- CBU-MAIN LIBRARY (Kitwe)
-- 161.84
-- KD 180 Cau
-- 1
-- AVAILABLE
-- Aug 26, 2020
-- 750210
-- Main Library Open Access Collection
995 ## -
-- MAIN LIBRARY OPEN ACCESS
-- 161.84
-- 750211
-- CBU-MAIN LIBRARY (Kitwe)
-- KD 180 Cau
-- 2
-- AVAILABLE
-- Aug 26, 2020
-- 750211
-- Main Library Open Access Collection
999 ## -
-- 78093
-- 78093
Holdings
Withdrawn status Lost status Source of classification or shelving scheme Damaged status Not for loan Permanent Location Current Location Shelving location Date acquired Total Checkouts Full call number Barcode Date last seen Copy number Price effective from Koha item type
          CBU-MAIN LIBRARY, KITWE. CBU-MAIN LIBRARY, KITWE.   05/03/2023   KD 180 Cau 750210 05/03/2023 1 05/03/2023 MONOGRAPH
          CBU-MAIN LIBRARY, KITWE. CBU-MAIN LIBRARY, KITWE.   05/03/2023   KD 180 Cau 750211 05/03/2023 2 05/03/2023 MONOGRAPH